National Programme On Earthquake Engineering Education (Record no. 18754)
[ view plain ]
| 000 -LEADER | |
|---|---|
| fixed length control field | 00323nam a2200109Ia 4500 |
| 008 - FIXED-LENGTH DATA ELEMENTS--GENERAL INFORMATION | |
| fixed length control field | 220803s9999 xx 000 0 und d |
| 041 ## - LANGUAGE CODE | |
| Language code of text/sound track or separate title | eng |
| 082 ## - DEWEY DECIMAL CLASSIFICATION NUMBER | |
| Classification number | 720.47 JAI |
| 100 ## - MAIN ENTRY--PERSONAL NAME | |
| Personal name | Jain S |
| 9 (RLIN) | 29912 |
| 245 ## - TITLE STATEMENT | |
| Title | National Programme On Earthquake Engineering Education |
| 260 ## - PUBLICATION, DISTRIBUTION, ETC. (IMPRINT) | |
| Name of publisher, distributor, etc. | "Indian Institutes Of Technology, New Delhi" |
| Date of publication, distribution, etc. | 2003 |
| Withdrawn status | Lost status | Damaged status | Not for loan | Home library | Current library | Date acquired | Vendor | Cost, normal purchase price | Total Checkouts | Full call number | Barcode | Date last seen | Bill Date | Koha item type | Original Barcode |
|---|---|---|---|---|---|---|---|---|---|---|---|---|---|---|---|
| Dr. Bhanuben Nanavati College of Architecture | Dr. Bhanuben Nanavati College of Architecture | 05/08/2016 | Modak S | 100.00 | 720.47 JAI | BNCA-DB-1470 | 03/08/2022 | 03/08/2022 | Donated Book | DB001470 |